banner koha

Café na UFLA: (Registro n. 260110)

MARC details
000 -LÍDER
Campo de controle fixo 00570nam a22002297a 4500
003 - CÓDIGO MARC DA AGÊNCIA CATALOGADORA
Campo de controle BR-BrBNA
005 - DATA E HORA DA ÚLTIMA ATUALIZAÇÃO
Campo de controle 20231219140211.0
008 - CAMPO DE TAMANHO FIXO
Campo fixo de controle 231219b bl.||||| |||| 00| 0 por d
020 ## - ISBN - INTERNATIONAL STANDARD BOOK NUMBER
ISBN 9788581270395
040 ## - FONTE DA CATALOGAÇÃO
Agência catalogadora BR-BrBNA
Idioma da catalogação por
041 ## - CÓDIGO DO IDIOMA
Código do Idioma por
072 ## - CATEGORIA DE CLASSIFICAÇÃO
Código da categoria de assunto E70
100 ## - ENTRADA PRINCIPAL - NOME PESSOAL
Nome pessoal Guimarães, Rubens José.
245 ## - TÍTULO PRINCIPAL
Título principal Café na UFLA:
Subtítulo resgate histórico /
260 ## - IMPRENTA (PUBLICAÇÃO, DISTRIBUIÇÃO, ETC.)
Lugar de publicação, distribuição, etc. Lavras:
Nome do editor, distribuidor, etc. Ed UFLA,
Data de publicação, distribuição, etc 2015.
300 ## - DESCRIÇÃO FÍSICA
Extensão 219 p.
650 ## - ASSUNTO
Cabeçalho tópico ou nome geográfico CAFEICULTURA
650 ## - ASSUNTO
Cabeçalho tópico ou nome geográfico HISTÓRIA DO BRASIL
909 ## - IDENTIFICAÇÃO DO CATALOGADOR
Ano e mês da catalogação (aaaamm) 12/2023
Identificação do catalogador Sarah
942 ## - TIPO ESPECÍFICO
Tipo de material Livros
Exemplares
Status de empréstimo Fonte de classificação Status de danificação Não pode ser emprestado Código da coleção Localização permanente Localização atual Localização na estante Total Checkouts Número de chamada Código de barras Date last seen Tipo de material Perdido Data de aquisição Fonte de aquisição Qualificador de localização codificada Preço Número de inventário Preço para reposição Preço efetivo a partir de
  Classificação AGRIS     Acervo Cultural Espaço Ceres - QVT/MAPA Espaço Ceres - QVT/MAPA Acervo Cultural   E70 BS2023000407 2023-437435 19/12/2023 Livros                

BINAGRI

Telefone: (61)3218-2567/2388/3357/2097 - binagri@agro.gov.br

Ministério da Agricultura e Pecuária , Esplanada dos Ministérios, Bloco D, Anexo B, Brasília/DF, CEP: 70.043-900